000 00906cam a2200277 a 4500
001 2684
005 20240111133335.0
020 _a9780516270777
040 _aDLC
_cDLC
_beng
050 0 0 _aPZ73.P43
_b 2000
082 0 0 _a463.21
100 1 _aPearson, Mary
_qMary E
245 1 0 _aWhere is Max? /
_cby Mary E. Pearson ; illustrated by Samanatha L. Walker.
250 _aPrinted in China
260 _aNew York :
_bScholastic,
_c2000
300 _a23 pages :
_bcolor illustrations ;
_c19 cm.
505 _aC
520 _aWhen the class gerbil escapes from his cage, the children look everywhere for it and find a way to get it to return home.
521 _a140
_bLexile
521 _aC
_bRaz-Plus
650 1 _aGerbils
_vFiction.
650 1 _aSchools
_vFiction.
700 1 _aWalker, Samantha
_eillustrator
906 _a7
_bcbc
_corignew
_d1
_eocip
_f19
_gy-gencatlg
942 _2ddc
_cBK
_n0
999 _c2684
_d2684